<?xml version="1.0" encoding="UTF-8"?>
<marc:record xmlns:marc="http://www.loc.gov/MARC21/slim">
   <marc:leader>00000nam a2200000 a 4500</marc:leader>
   <marc:datafield ind1="1" ind2=" " tag="100">
      <marc:subfield code="a">Schlothfeldt, Matthias</marc:subfield>
      <marc:subfield code="4">aut</marc:subfield>
      <marc:subfield code="e">Verfasser/-in</marc:subfield>
   </marc:datafield>
   <marc:datafield ind1=" " ind2=" " tag="653">
      <marc:subfield code="a">Komposition</marc:subfield>
   </marc:datafield>
   <marc:datafield ind1=" " ind2=" " tag="653">
      <marc:subfield code="a">Musikerziehung</marc:subfield>
   </marc:datafield>
   <marc:datafield ind1=" " ind2=" " tag="653">
      <marc:subfield code="a">Sekundarstufe</marc:subfield>
   </marc:datafield>
   <marc:datafield ind1=" " ind2=" " tag="653">
      <marc:subfield code="a">Softcover / Musik/Musiktheorie</marc:subfield>
   </marc:datafield>
   <marc:datafield ind1=" " ind2=" " tag="653">
      <marc:subfield code="a">Musiklehre</marc:subfield>
   </marc:datafield>
   <marc:datafield ind1="0" ind2="0" tag="245">
      <marc:subfield code="a">Komponieren im Unterricht</marc:subfield>
   </marc:datafield>
   <marc:datafield ind1="0" ind2="0" tag="245">
      <marc:subfield code="c">Matthias Schlothfeldt</marc:subfield>
   </marc:datafield>
   <marc:datafield ind1=" " ind2="1" tag="264">
      <marc:subfield code="a">Hildesheim</marc:subfield>
      <marc:subfield code="b">Olms</marc:subfield>
      <marc:subfield code="c">2009</marc:subfield>
   </marc:datafield>
   <marc:datafield ind1="1" ind2=" " tag="490">
      <marc:subfield code="a">Folkwang-Studien</marc:subfield>
      <marc:subfield code="v">Bd. 9</marc:subfield>
   </marc:datafield>
   <marc:datafield ind1="1" ind2=" " tag="520">
      <marc:subfield code="a">Angaben aus der Verlagsmeldung

Komponieren im Unterricht / von Matthias Schlothfeldt

„Komponieren eignet sich für die Beschäftigung mit beinahe jedem Inhalt im Musikunterricht.“
Matthias Schlothfeldt, Komponist und Professor für Musiktheorie an der Folkwang Hochschule, zeigt, dass Schülerinnen und Schülern das Komponieren nicht nur Vergnügen bereitet, sondern dass der kompositionspädagogische Ansatz besondere Lernerfolge verspricht: Schülerinnen und Schüler lernen, über kompositorische Probleme konkret zu sprechen und Lösungen musikalisch-praktisch zu erproben. Sie verstehen Musik von innen heraus.
Dieses Buch stellt fünf Unterrichtsreihen vor, die der Autor gemeinsam mit Studierenden an Essener Schulen erprobt hat. Daneben gibt es grundsätzliche Überlegungen zu didaktischen Fragen und Vorschläge für die Ausbildung von Musiklehrerinnen und Musiklehrern – gerade in musiktheoretischen Fächern. Für den Unterricht an Schulen, Musikschulen und Hochschulen bietet das Buch eine Fülle an Anregungen und praktischen Tipps.
</marc:subfield>
   </marc:datafield>
   <marc:datafield ind1=" " ind2=" " tag="020">
      <marc:subfield code="a">9783487138336</marc:subfield>
      <marc:subfield code="9">9783487138336</marc:subfield>
   </marc:datafield>
   <marc:datafield ind1=" " ind2=" " tag="041">
      <marc:subfield code="a">ger</marc:subfield>
   </marc:datafield>
   <marc:datafield ind1=" " ind2=" " tag="300">
      <marc:subfield code="a">333 S.</marc:subfield>
   </marc:datafield>
</marc:record>
